000
00260nam a22001097a 4500
008
131217t xxu||||| |||| 00| 0 eng d
020
_a
0-00-616570-2
100
_a
Agatha Christie
_9
425
245
_a
By the pricking of my thumbs
300
_a
340
942
_2
ddc
_c
BK
999
_c
17547
_d
17547